| 000 | 00668nam a2200241Ia 4500 | ||
|---|---|---|---|
| 003 | OSt | ||
| 005 | 20220928123947.0 | ||
| 006 | a|||||r|||| 00| 0 | ||
| 007 | ta | ||
| 008 | 220927b |||||||| |||| 00| 0 eng d | ||
| 024 | _a47378 | ||
| 037 | _cTextual | ||
| 040 |
_aSDCL _cSDCL _beng |
||
| 041 |
_2eng _aeng |
||
| 082 | _aX652.2'P, P8 | ||
| 100 |
_aGupta O P Ed. _9432582 |
||
| 245 | 0 |
_aIndian derivatives markets _bAn empirical study |
|
| 260 |
_aHyderabad _bICFAI University _c2008 |
||
| 300 |
_axv,283p _ccm. |
||
| 650 |
_aDerivatives Markets _9462677 |
||
| 942 |
_hX652.2'P, P8 _cTEXL _2CC |
||
| 999 |
_c775640 _d775640 |
||